| 000 | 00000nam##2200000za#4500 |
| 001 | 9.640076 |
| 003 | CaOODSP |
| 005 | 20210624222508 |
| 007 | cr ||||||||||| |
| 008 | 150407|1998||||xxc|||||o f|0| 0 fre|d |
| 040 | |aCaOODSP|bfre |
| 043 | |an-cn--- |
| 086 | 1 |aSN3-1/2-1998F-IN |
| 110 | 1 |aCanada.|bBibliothèque nationale du Canada. |
| 245 | 10|aCultiver son jardin au Canada : |h[ressource électronique]|bl'histoire du jardinage au Canada / |cpar Carol Martin. |
| 260 | |aOttawa - Ontario : |bBibliothèque nationale du Canada |c1998. |
| 300 | |a19p.|bill., références |
| 500 | |aDonnées de catalogage avant publication (Canada) imprimées dans cette publication. N.B.: Le numéro de catalogue (SN3-1/2-1998F-IN) imprimé dans cette publication est incorrect. |
| 590 | |a12-17-Supp|b2012-04-20 |
| 691 | 07|aJardinage|2gcpds |
| 720 | 1 |aMartin, Carol |
| 775 | 08|tCultivating Canadian gardens : |w(CaOODSP)9.695958 |
| 776 | 0#|tCultiver son jardin au Canada : |w(CaOODSP)9.680330 |
| 856 | 40|ahttp://publications.gc.ca|qPDF|s1.12 Mo|uhttps://publications.gc.ca/collections/Collection/SN3-1-2-1998F.pdf |